BIBLIOTECA

SENCICO

Topografía / (Registro nro. 508)

Detalles MARC
000 -LEADER
fixed length control field 02186nam a2200325Ia 4500
003 - CONTROL NUMBER IDENTIFIER
control field PE SENCICO BE
005 - DATE AND TIME OF LATEST TRANSACTION
control field 20251020182440.0
008 - FIXED-LENGTH DATA ELEMENTS--GENERAL INFORMATION
fixed length control field 200515s9999 xx 000 0 und d
020 ## - INTERNATIONAL STANDARD BOOK NUMBER
International Standard Book Number 970-15-0221-3
040 ## - CATALOGING SOURCE
Original cataloging agency PE SENCICO BE
Transcribing agency PE SENCICO BE
041 ## - LANGUAGE CODE
Language code of text/sound track or separate title spa
082 ## - DEWEY DECIMAL CLASSIFICATION NUMBER
Classification number 526.9
Item number W82
100 1# - MAIN ENTRY--PERSONAL NAME
Personal name Wolf, Paul R.
9 (RLIN) 119
Relator term autor
245 10 - TITLE STATEMENT
Title Topografía /
Statement of responsibility, etc. Paul R. Wolf, Russell C. Brinker
250 ## - EDITION STATEMENT
Edition statement 9a ed.
260 ## - PUBLICATION, DISTRIBUTION, ETC.
Place of publication, distribution, etc. México, D.F. :
Name of publisher, distributor, etc. Alfaomega :
Date of publication, distribution, etc. 1997
300 ## - PHYSICAL DESCRIPTION
Extent xxiv, 834 páginas :
Other physical details ilustraciones, tablas, gráficos ;
Dimensions 23 cm.
505 0# - FORMATTED CONTENTS NOTE
Formatted contents note Teoría de la medición y de los errores -- Registro de campo -- Medición de distancias: mediciones con cinta -- Medición electrónica de distancias -- Nivelación; teoría, métodos y equipo -- Nivelación: procedimientos de campo y de cálculo -- Ángulos, rumbos y acimut -- La brújula -- Tránsito, teodolito y estación total -- Trabajos de campo con tránsitos, teodolitos y estaciones totales -- Poligonales -- Cálculo de poligonales -- Determinación de áreas -- Estadía -- Levantamientos de configuración -- Cartografía -- Observaciones astronómicas -- Levantamientos de control -- Sistemas de levantamientos inerciales y por satélite -- Coordenadas planas estatales -- Levantamientos catastrales o deslindes -- Levantamientos de tierra de jurisdicción federal -- Levantamiento para construcciones -- Curvas horizontales -- Curvas verticales -- Determinación de volúmenes (cubicaciones) -- Fotogrametría -- Introducción a los sistemas de información geográfica
520 3# - SUMMARY, ETC.
Summary, etc. Se enfatiza los temas y tecnologías que más afectan a la evolución de la topografía, como los Sistemas de Levantamiento por Satélite, GPS, uso de teodolitos digitales electrónicos e instrumentos de estación total con colectores de datos automáticos.
650 10 - SUBJECT ADDED ENTRY--TOPICAL TERM
Topical term or geographic name entry element Topografía
9 (RLIN) 4
650 20 - SUBJECT ADDED ENTRY--TOPICAL TERM
Topical term or geographic name entry element Cartografía
9 (RLIN) 1
650 20 - SUBJECT ADDED ENTRY--TOPICAL TERM
Topical term or geographic name entry element Fotogrametría
9 (RLIN) 120
650 20 - SUBJECT ADDED ENTRY--TOPICAL TERM
Topical term or geographic name entry element GPS
9 (RLIN) 911
650 20 - SUBJECT ADDED ENTRY--TOPICAL TERM
Topical term or geographic name entry element Nivelación de terrenos
9 (RLIN) 3229
650 20 - SUBJECT ADDED ENTRY--TOPICAL TERM
Topical term or geographic name entry element Fotogrametría
9 (RLIN) 120
650 20 - SUBJECT ADDED ENTRY--TOPICAL TERM
Topical term or geographic name entry element Teodolitos
9 (RLIN) 3245
650 20 - SUBJECT ADDED ENTRY--TOPICAL TERM
Topical term or geographic name entry element Instrumentos de topografía
9 (RLIN) 997
700 1# - ADDED ENTRY--PERSONAL NAME
9 (RLIN) 3246
Personal name Brinker, Russell C.
Relator term autor
942 ## - ADDED ENTRY ELEMENTS (KOHA)
Koha item type Libros
Source of classification or shelving scheme Dewey Decimal Classification
Existencias
Fecha de la última vez que lo usaron Número de ingreso o de inventario Pago total Signatura topográfica completa Código de barras Precio efectivo desde Tipo de documento Estado perdido Sistema de clasificación Estado dañado No es para préstamo Retirado Ubicación permanente Ubicación actual Fecha de adquisición Número de ejemplar
15/05/2020 9850   526.9/W82/1997 BibLima25070067 15/05/2020 Libros   Dewey Decimal Classification       Biblioteca Central Lima Biblioteca Central Lima 15/05/2020  
15/05/2020 9876   526.9/W82/1997/ej. 2 BibLima25070068 15/05/2020 Libros   Dewey Decimal Classification       Biblioteca Central Lima Biblioteca Central Lima 15/05/2020 2
15/05/2020 9875   526.9/W82/1997/ej. 3 BibLima25070069 15/05/2020 Libros   Dewey Decimal Classification       Biblioteca Central Lima Biblioteca Central Lima 15/05/2020 3